Poistka pre budúcnosť
Situácia životného poistenia na Slovensku. Orientácia občanov v ponuke poisťovní. Hospodárske výsledky poisťovní za rok 2003. Variabilné životné poistenie Dynamik - produkt Českej poisťovni Slovensko. Nová produkcia 2003.
Salvato in:
| Autore principale: | |
|---|---|
| Natura: | Capitolo di libro |
| Lingua: | slovacco |
| Soggetti: | |
| Tags: |
Nessun Tag, puoi essere il primo ad aggiungerne!!
|
MARC
| LEADER | 00000naa$a2200000$$$4500 | ||
|---|---|---|---|
| 001 | 0008935 | ||
| 005 | 20230926071550.0 | ||
| 041 | 0 | |a slo | |
| 044 | |a SK | ||
| 245 | 1 | 0 | |a Poistka pre budúcnosť |c aut. Dagmar Krištofičová |
| 520 | |a Situácia životného poistenia na Slovensku. Orientácia občanov v ponuke poisťovní. Hospodárske výsledky poisťovní za rok 2003. Variabilné životné poistenie Dynamik - produkt Českej poisťovni Slovensko. Nová produkcia 2003. | ||
| 610 | 2 | 0 | |a poistenie |
| 610 | 2 | 0 | |a poistenie životné |
| 610 | 2 | 0 | |a poisťovne |
| 610 | 2 | 0 | |a poisťovníctvo |
| 610 | 2 | 0 | |a poistenci |
| 610 | 2 | 0 | |a Slovensko |
| 100 | 1 | |a Krištofičová, Dagmar | |